Online Public Access Catalogue

Human Anatomy A clinicalally-orientated approach (Record no. 5799)

MARC details
000 -LEADER
fixed length control field 00420nam a2200145Ia 4500
020 ## - INTERNATIONAL STANDARD BOOK NUMBER
International Standard Book Number 9780443103735
082 ## - DEWEY DECIMAL CLASSIFICATION NUMBER
Classification number 611
Author Mark JAC
Edition number 1st
100 ## - MAIN ENTRY--PERSONAL NAME
Author Name S. Jacob
245 #0 - TITLE STATEMENT
Title Human Anatomy A clinicalally-orientated approach
Statement of responsibility, etc. S. Jacob
260 ## - PUBLICATION, DISTRIBUTION, ETC.
Place of publication, distribution, etc. Edinburgh
Name of publisher, distributor, etc. Churchill livingstone Elsevier
Date of publication, distribution, etc. 2007
300 ## - PHYSICAL DESCRIPTION
No of Pages 235
illustrations ill
440 ## - SERIES STATEMENT/ADDED ENTRY--TITLE
Title Human Anatomy A clinicalally-orientated approach
650 ## - SUBJECT ADDED ENTRY--TOPICAL TERM
Subject Anatomy
942 ## - ADDED ENTRY ELEMENTS (KOHA)
Koha item type Books
Source of classification or shelving scheme
Edition 1st
952 ## - LOCATION AND ITEM INFORMATION (KOHA)
-- 2018-03-16
Holdings
Withdrawn status Lost status Source of classification or shelving scheme Damaged status Not for loan Home library Current library Shelving location Date acquired Total Checkouts Full call number Barcode Date last seen Date last checked out Koha item type
          Islamabad Medical and Dental College Islamabad Medical and Dental College Islamabad Medical and Dental College 16/03/2018 1 611 JAC 7547 29/03/2018 29/03/2018 Books

Copyright @ IMDC Library
Islamabad Medical and Dental College
Bhara Kahu, Islamabad

  Contact the Librarian, IMDC
  Email:: library@imdcollege.edu.pk

  OPAC Customized by
  Mazhar Hussain,
  Librarian:
  Islamabad Medical and Dental College
  Email:: library@imdcollege.edu.pk